000 00296nam a22001337a 4500
008 190225b xxu||||| |||| 00| 0 eng d
020 _a9780312002770
041 _aeng
080 _24th
_a371
100 _a25
101 _aEDU
245 _aSubject and STrategy
_cEschholz, P
942 _2udc
_cBK
999 _c54207
_d54207